Magic school bus in the Arctic : (Record no. 114669)
[ view plain ]
| 000 -LEADER | |
|---|---|
| fixed length control field | 00531nam a2200169 a 4500 |
| 005 - DATE AND TIME OF LATEST TRANSACTION | |
| control field | 20140414132108.0 |
| 008 - FIXED-LENGTH DATA ELEMENTS--GENERAL INFORMATION | |
| fixed length control field | 110115s19uu xx 00 eng d |
| 050 ## - LIBRARY OF CONGRESS CALL NUMBER | |
| Classification number | M 536 |
| Item number | C67 1995 |
| 100 ## - MAIN ENTRY--PERSONAL NAME | |
| Personal name | Cole, Joanna. |
| 245 ## - TITLE STATEMENT | |
| Title | Magic school bus in the Arctic : |
| Remainder of title | a book about heat. |
| 260 ## - PUBLICATION, DISTRIBUTION, ETC. (IMPRINT) | |
| Place of publication, distribution, etc | New York : |
| Name of publisher, distributor, etc | Scholastic, |
| Date of publication, distribution, etc | c1998. |
| 500 ## - GENERAL NOTE | |
| General note | "From an episode of the animated TV series produced by Scholastic Productions, Inc."-- Back cover. |
| 650 ## - SUBJECT ADDED ENTRY--TOPICAL TERM | |
| Topical term or geographic name as entry element | Heat. |
| 650 ## - SUBJECT ADDED ENTRY--TOPICAL TERM | |
| Topical term or geographic name as entry element | Arctic regions. |
| Withdrawn status | Lost status | Damaged status | Use restrictions | Home library | Current library | Shelving location | Date acquired | Source of acquisition | Cost, normal purchase price | Total Checkouts | Full call number | Barcode | Date last seen | Price effective from | Koha item type |
|---|---|---|---|---|---|---|---|---|---|---|---|---|---|---|---|
| Munich Library | Munich Library | Main Section | 01/15/2011 | 150.00 | M 536 C67 1995 | M6552 | 04/14/2014 | 04/14/2014 | Books | ||||||
| Munich Library | Munich Library | Main Section | 01/15/2011 | 150.00 | M 536 C67 1995 | M6553 | 04/14/2014 | 04/14/2014 | Books |